Rodzaje makaronów włoskich - Statystyki

Ogólne statystyki
  • Ten quiz został rozwiązany 14 razy
  • Średni wynik to 5 z 39
Statystyki odpowiedzi
Obrazkowy Odpowiedź % Poprawnych
Spaghetti
100%
Lasagne
56%
Penne
56%
Gnocchi
44%
Farfalle
33%
Tagliatelle
33%
Eliche
22%
Pappardelle
22%
Penne rigate
22%
Ravioli
22%
Bucatini
11%
Conchiglioni
11%
Łazanki
11%
Linguine
11%
Orecchiette
11%
Rigatoni
11%
Tortellini
11%
Agnolotti
0%
Anelli
0%
Barbine
0%
Bavette
0%
Bigoli
0%
Campanelle
0%
Cannelloni
0%
Capellini
0%
Cappelletti
0%
Fettuccine
0%
Gemelli
0%
Pici
0%
Pizzoccheri
0%
Riccioli
0%
Rotelle
0%
Spighe
0%
Tortiglioni
0%
Trenne
0%
Tripolini
0%
Trofie
0%
Vermicelli
0%
Ziti
0%
Nie znaleziono quizów pasujących do podanych kryteriów
Rozkład punktacji
Procent ludzi z każdym wynikiem
Percentyl według liczby udzielonych odpowiedzi
Twoja historia wyników
Nie rozwiązałeś tego quizu